000 002390000a22000970004500
100 1 _aSalem, Luis D.
245 1 0 _aEl varón perfecto (Salmo 1)
300 _avol. 1, núm 2 (1989), Páginas 7
773 0 _tImpacto Presbiteriano
942 _cANA
999 _c50811
_d50811